002730000a220007300045001000022000002450091000223000057001137730029001701 aJezequel, Roberta10aWhom shall we send and who will stay for Us? Ways to reach out to your Latin neighbors aVol. 79, Num. 1 (Enero-Marzo, 1999), Páginas 18-190 tLatin America Evangelist